Agricultura y Ganaderia Ganancias- Valor Agregado (Registro nro. 1861)
[ vista simple ]
| 000 -LEADER | |
|---|---|
| control de campo de longitud fija | 00391nam a2200145Ia 4500 |
| 008 - ELEMENTOS DE DATOS DE LONGITUD FIJA -- INFORMACIÓN GENERAL | |
| control de campo de longitud fija | 220815s9999 xx 000 0 und d |
| 041 ## - LANGUAGE CODE | |
| Language code of text/sound track or separate title | spa |
| 082 ## - DEWEY DECIMAL CLASSIFICATION NUMBER | |
| Linkage | 57.086 3B334a |
| 100 ## - MAIN ENTRY--PERSONAL NAME | |
| Personal name | Bavera M. Josefina |
| 245 #0 - TITLE STATEMENT | |
| Title | Agricultura y Ganaderia Ganancias- Valor Agregado |
| 250 ## - EDITION STATEMENT | |
| Edition statement | 5º ed. |
| 260 ## - PUBLICATION, DISTRIBUTION, ETC. (IMPRINT) | |
| Place of publication, distribution, etc | Buenos Aires |
| Name of publisher, distributor, etc | Errepar |
| Date of publication, distribution, etc | 2008 |
| 300 ## - PHYSICAL DESCRIPTION | |
| Extent | 519 p. |
| Dimensions | 28 cm. |
| 700 ## - ADDED ENTRY--PERSONAL NAME | |
| Personal name | Frankel Gustavo I. |
| 999 ## - | |
| -- | 1861 |
| -- | 1861 |
No hay ítems disponibles.